| 000 | nam a22 7a 4500 | ||
|---|---|---|---|
| 999 |
_c332222 _d332222 |
||
| 003 | NUST | ||
| 005 | 20171120121541.0 | ||
| 008 | 171120b xxu||||| |||| 00| 0 eng d | ||
| 020 | _a8176482595 | ||
| 040 | _c0 | ||
| 082 | _a628.5 TRI | ||
| 245 |
_aEnvironmental Pollution Research _cEditor. Debi Prasad Tripathy |
||
| 260 |
_aNew Delhi _bA.P.H _c2002 |
||
| 300 | _a276p. | ||
| 500 | _aH.B | ||
| 942 |
_2ddc _cBK _kIESE |
||